Cartilla impuesto al valor agregado / (Registro nro. 12756)

Detalles MARC
000 -LEADER
fixed length control field 00808nam a2200229Ia 4500
003 - CONTROL NUMBER IDENTIFIER
control field OSt
005 - DATE AND TIME OF LATEST TRANSACTION
control field 20211129152352.0
008 - FIXED-LENGTH DATA ELEMENTS--GENERAL INFORMATION
fixed length control field 210310s9999 xx 000 0 und d
020 ## - INTERNATIONAL STANDARD BOOK NUMBER
International Standard Book Number 9789587710656
040 ## - CATALOGING SOURCE
Original cataloging agency CO-JMCR
Transcribing agency CO-JMCR
041 0# - LANGUAGE CODE
Language code of text/sound track or separate title spa
082 ## - DEWEY DECIMAL CLASSIFICATION NUMBER
Classification number 336.271 /
Item number Z947c
Edition number 23
100 1# - MAIN ENTRY--PERSONAL NAME
Personal name Zuluaga Potes, Jorge Hernán
Relator term autor
9 (RLIN) 29131
245 10 - TITLE STATEMENT
Title Cartilla impuesto al valor agregado /
Statement of responsibility, etc. Jorge Hernán Zuluaga Potes
260 ## - PUBLICATION, DISTRIBUTION, ETC.
Place of publication, distribution, etc. Bogotá :
Name of publisher, distributor, etc. Eco,
Date of publication, distribution, etc. 2014.
300 ## - PHYSICAL DESCRIPTION
Extent 189 páginas ;
Dimensions 28 cm.
500 ## - GENERAL NOTE
General note Datos biográficos del autor en tapa posterior.
505 0# - FORMATTED CONTENTS NOTE
Formatted contents note Impuesto al valor agregado impuesto nacional al consumo. -- Devoluciones y compensaciones en el impuesto sobre las ventas.
650 14 - SUBJECT ADDED ENTRY--TOPICAL TERM
Topical term or geographic name entry element Ciencias administrativas
9 (RLIN) 41703
650 24 - SUBJECT ADDED ENTRY--TOPICAL TERM
Topical term or geographic name entry element Contabilidad
9 (RLIN) 7829
942 ## - ADDED ENTRY ELEMENTS (KOHA)
Source of classification or shelving scheme Dewey Decimal Classification
Koha item type Books
Existencias
Withdrawn status Lost status Source of classification or shelving scheme Damaged status Not for loan Home library Current library Shelving location Date acquired Source of acquisition Total Checkouts Full call number Barcode Date last seen Date last checked out Copy number Price effective from Koha item type
    Dewey Decimal Classification     Biblioteca Pública José María del Castillo y Rada Biblioteca Pública José María del Castillo y Rada General Stacks 04/15/2018 Donación 1 336.271 / Z947c 430003470 05/16/2024 05/10/2024 Ej.1 03/10/2021 Books